Water Terms in French Quiz - Statistics

General Stats
  • This quiz has been taken 10 times
  • The average score is 29 of 48
Answer Stats
Picture Hint Answer % Correct
Water Eau (f)
100%
Sparkling water Eau pétillante (f)
100%
The sea La mer
100%
The rain La pluie
100%
A river Une rivière
100%
A cloud Un nuage
100%
Mineral water Eau minérale (f)
83%
Deep Profond(e)
83%
Dry Sec / Sèche
83%
A waterfall Une cascade
83%
A flood Une inondation
83%
An estuary Un estuaire
83%
Pond Un étang
83%
A lake Un lac
83%
A lagoon Un lagon
83%
An ocean Un océan
83%
Still water Eau plate (f)
67%
Saltwater Eau salée (f)
67%
Moist/damp/humid Humide
67%
Wet Mouillé(e)
67%
Underwater Sous l'eau
67%
A drizzle Une bruine
67%
A puddle Une flaque (d'eau)
67%
A raincloud Un nuage de pluie
67%
Seawater Eau de mer
50%
The tide La marée
50%
Low tide La marée basse
50%
High tide La marée haute
50%
Shallow Peu profond(e)
50%
A canal Un canal
50%
A downpour Un déluge
50%
A shower Une averse
50%
A splash Une éclaboussure
50%
A raindrop Une goutte de pluie
50%
A wave Une vague
50%
A stream Un ruisseau
50%
A tsunami Un tsunami
50%
Freshwater Eau douce (f)
33%
Current Le courant
33%
The shoreline Le littoral
33%
The shore Le rivage
33%
A dam Un barrage
33%
A ripple Une ondulation
33%
A reservoir Un réservoir
33%
A comber Une déferlante
17%
Rip current Le courant d'arachement
0%
A breaker Un brisant
0%
A rock pool Une flaque d'eau salée
0%
No matching quizzes found
Score Distribution
Percent of People with Each Score
Percentile by Number Answered
Your Score History
You have not taken this quiz